000 00769nam 22001933 4500
001 199631
090 _a199631
100 _a20251218d u||y0pory50 ba
200 _aArtes e tradições de Évora e Portalegre
_flevantamento realizado pelos Centros de Estágio de Educação visual - Escolas Preparatórias de Évora e Portalegre
210 _aLisboa
_cTerra Livre
_d1980
215 _a212, [12] p.
_cil. ; brochado
_d21 cm
225 _aArte e artistas
_h2
606 _92051
_aAntropologia Cultural. Etnologia. Etnografia. Usos e Costumes. Tradições. Modo de vida. Folclore
675 _a39
_vPT
_zpor
710 _915437
_aEscola Preparatória de Évora.
711 _915438
_aEscola Preparatória de Portalegre
801 _aPT
_bBMMN
_gRPC
830 _cVanda
990 _cLIVROS